Überblick über die evangelische Kirche in der Grafschaft Glatz von 1528 bis 1628
| Titel: | Überblick über die evangelische Kirche in der Grafschaft Glatz von 1528 bis 1628 |
|---|---|
| Verfasser: | |
| In: |
Grofschoaftersch Häämtebärnla, Band 42 (1990), Seite 35-38 alle Artikel anzeigen |
| Veröffentlicht: | 1990 |
| Format: | Aufsatz |
| Sprache: | Deutsch |
X
alg: 39454140 001A $01999:12-11-16 001B $01999:01-06-17 $t17:52:27.000 001D $01999:12-11-16 001U $0utf8 001X $00 002@ $0Aox 003@ $0394541405 007A $0394541405 $aHEB 007T $0Herdww016430 010@ $ager 011@ $a1990 021A $aÜberblick über die evangelische Kirche in der Grafschaft Glatz von 1528 bis 1628 028A $aHeinzelmann $dP. 031A $d42 $h35-38 $j1990 039B $aIn $8--Abvc--. Grofschoaftersch Häämtebärnla. - Lüdenscheid : Zentralstelle Grafschaft Glatz/Schlesien e.V., 1956-[2019] $x199000000420000965 $9047864346 045T $a7,41 $a8,1 lok: 39454140 78 exp: 39454140 78 1 #EPN 201B/01 $025-02-18 $t22:22:46.000 201U/01 $0utf8 203@/01 $0790651831 208@/01 $a12-11-16 $be 209A/01 $a/ $f000 $x00 220C/01 $aTitelaufnehmer: KS 220C/01 $aHerkunft: IH UWr 244Z/01 $2Trx $#Silesia $#Śląsk $#Sliezsko $#Slezsko $8--Trx--Schlesien $x01 $9391173987 244Z/01 $#Staat Glatz $#Glatz Grafschaft $#Hrabství kladské $#Kladsko $#Hrabstwo kłodzkie $#Ziemia kłodzka $#Glatzer Land $74021197-6 $8--Tg1--Grafschaft Glatz $x02 $9085051632 244Z/01 $aGeschichte 1528-1628 $x03 244Z/01 $2Trx $#kirikud, evangeelsed $#bažnyčios, evangelikų $#Churches, Protestant $#templomok, evangélikus $#kościoły ewangelickie $#cirkvi evanjelické $#církve evangelické $#kościół ewangelicko-augsburski $#kościół ewangelicko-luterański $#kościół luterański $8--Trx--Kirchen, evangelische $x04 $9391382926 244Z/01 $2Trx $8--Trx--Zeitschriftenaufsatz $x05 $9391384341 247C/01 $82080>Marburg/Lahn, Herder-Institut, Forschungsbibliothek, Bibliographieportal $9336309341
| LEADER | 00000caa a22000002c 4500 | ||
|---|---|---|---|
| 001 | 394541405 | ||
| 003 | DE-603 | ||
| 005 | 20170601175227.0 | ||
| 007 | tu | ||
| 008 | 161112s1990 xx |||| | u00||u|ger c | ||
| 035 | |a (DE-599)HEB394541405 | ||
| 040 | |a DE-603 |b ger |c DE-603 |d DE-603 | ||
| 041 | |a ger | ||
| 084 | |a 7,41 |a 8,1 |2 ssgn | ||
| 100 | 1 | |a Heinzelmann, P. | |
| 245 | 0 | 0 | |a Überblick über die evangelische Kirche in der Grafschaft Glatz von 1528 bis 1628 |
| 264 | 0 | |c 1990 | |
| 773 | 0 | 8 | |i In |t Grofschoaftersch Häämtebärnla |d Lüdenscheid : Zentralstelle Grafschaft Glatz/Schlesien e.V., 1956-[2019] |g Band 42 (1990), Seite 35-38 |w (DE-603)047864346 |w (DE-600)558553-3 |
| 924 | 0 | |9 2080 |a (DE-603)790651831 |b DE-2080 |c HES |d d |g / | |


